Länder i Afrika - Statistics

General Stats
  • This quiz has been taken 451 times
  • The average score is 36 of 54
Answer Stats
Länder % Correct
Egypten
89%
Niger
89%
Nigeria
88%
Algeriet
86%
Kongo-Brazzaville
86%
Kongo-Kinshasa
86%
Sydafrika
86%
Somalia
82%
Marocko
81%
Sudan
81%
Angola
80%
Eritrea
79%
Madagaskar
79%
Mali
79%
Tunisien
78%
Etiopien
77%
Zambia
77%
Ghana
76%
Sydsudan
76%
Tanzania
76%
Kenya
75%
Zimbabwe
75%
Elfenbenskusten
71%
Gambia
71%
Libyen
71%
Rwanda
69%
Senegal
69%
Botswana
68%
Guinea
68%
Namibia
66%
Liberia
65%
Lesotho
64%
Togo
63%
Uganda
63%
Tchad
62%
Benin
61%
Malawi
61%
Kamerun
60%
Burundi
58%
Mocambique
57%
Burkina Faso
56%
Centralafrikanska Republiken
54%
Gabon
54%
Guinea-Bissau
54%
Djibouti
52%
Ekvatorialguinea
49%
Sierra Leone
48%
Mauritius
46%
Swaziland
46%
Mauretanien
43%
Seychellerna
42%
Komorerna
36%
Sao Tome och Principe
35%
Kape Verde
17%
No matching quizzes found
Score Distribution
Percent of People with Each Score
Percentile by Number Answered
Your Score History
You have not taken this quiz